Nové možnosti : Dar zdravých občanov chorým

Podrobná bibliografia
Hlavný autor: (vir) (Author)
Médium: Článok
Jazyk:Slovak
Témy:
Zdroj: 1. Lúč 1. Roč. 4, č. 78(1995), dát. 0403, s. 3
LEADER 00706nab#a2200289#ar4500
001 000011413
003 SVKKK
005 00000000000000.0
008 c xo e sloo
FMT
038 |a SVKKK 
040 |a SVKKK  |b slo  |e AACR2 
041 0 |a slo 
044 |a xo  |c SK 
080 |a 615.3  |2 1981 
100 0 |a (vir)  |4 aut 
245 1 0 |a Nové možnosti :  |b Dar zdravých občanov chorým  |c (vir) , 
650 0 4 |a darcovstvo krvi  |z Spišská Nová Ves  |x informácie 
773 0 |t Lúč  |g Roč. 4, č. 78(1995), dát. 0403, s. 3 
957 |a Spišská Nová Ves 
958 |a RE 
958 |a SN 
974 |d 960716  |a Šá 
992 |a RBX 
BAS
852 |a SVKKK  |b BIB 
998 |a REG